[Event "18th Delhi GM Open 2020"]
[Site "Delhi"]
[Date "2020.01.12"]
[Round "6.8"]
[White "Khusenkhojaev, Muhammad"]
[Black "Ghosh, Diptayan"]
[Result "0-1"]
[WhiteElo "2420"]
[BlackElo "2550"]
[Annotator "RC"]
[PlyCount "82"]
[EventDate "2020.01.09"]
[EventType "swiss"]
[EventCountry "IND"]
[SourceTitle "playchess.com"]
[Source "ChessBase"]
[SourceQuality "1"]
[TimeControl "5400+30"]

1. d4 {[%emt 0:00:00]} Nf6 {[%emt 0:00:00]} 2. c4 {[%emt 0:00:00]} e6 {[%emt 0:00:00]} 3. Nc3 {[%emt 0:00:00]} Bb4 {[%emt 0:00:16]} 4. Qc2 {[%emt 0:00:03]} d6 {[%emt 0:01:09]} 5. Nf3 {[%emt 0:02:08]} Nbd7 {[%emt 0:01:03]} 6. a3 {[%emt 0:01:29]} Bxc3+ {[%emt 0:00:07]} 7. Qxc3 {[%emt 0:00:04]} O-O {[%emt 0:00:08]} 8. e3 {[%emt 0:10:29]} Re8 {[%emt 0:01:19]} 9. Be2 {[%emt 0:00:17]} e5 {[%emt 0:00:59]} 10. O-O {[%emt 0:00:31]} e4 {[%emt 0:03:29]} 11. Nd2 {[%emt 0:00:30]} d5 {[%emt 0:01:20]} 12. b4 {[%emt 0:00:44]} dxc4 {[%emt 0:01:38]} 13. Nxc4 {[%emt 0:00:54]} Nd5 {[%emt 0:00:59]} 14. Qc2 {[%emt 0:00:16]} N7b6 {[%emt 0:12:46]} 15. Nd2 {[%emt 0:09:53]} Bf5 {[%emt 0:04:20]} 16. Rd1 {[%emt 0:04:37]} Qg5 {[%emt 0:04:04]} 17. Nf1 {[%emt 0:01:28]} h5 {[%emt 0:09:00]} 18. Bd2 {[%emt 0:05:31]} h4 {[%emt 0:01:21]} 19. a4 {[%emt 0:01:47]} Bh3 {[%emt 0:05:08]} 20. g3 {[%emt 0:00:18]} Bg4 {[%emt 0:04:16]} 21. Bxg4 {[%emt 0:05:24]} Qxg4 {[%emt 0:00:57]} 22. Rdc1 {[%emt 0:00:05]} Nd7 {[%emt 0:04:13]} 23. Qd1 {[%emt 0:00:27]} Qg6 {[%emt 0:01:32]} 24. b5 {[%emt 0:01:07]} Re6 {[%emt 0:04:16]} 25. a5 {[%emt 0:01:19]} Rd8 {[%emt 0:01:16]} 26. Ra2 {[%emt 0:05:02]} N7f6 {[%emt 0:01:18]} 27. a6 {[%emt 0:09:25]} b6 {[%emt 0:02:34]} 28. Qe2 {[%emt 0:02:25]} Nh7 {[%emt 0:00:53]} 29. Rac2 {[%emt 0:01:17]} Ng5 {[%emt 0:01:44]} 30. Rxc7 {[%emt 0:00:26]} Nf3+ {[%emt 0:02:44]} 31. Kh1 {[%emt 0:01:41]} Nxc7 {[%emt 0:01:39]} 32. Rxc7 {[%emt 0:00:05]} Ra8 {[%emt 0:05:06]} 33. Bb4 {[%emt 0:00:33]} Qf5 {[%emt 0:00:49]} 34. Be7 {[%emt 0:07:31]} Qh3 {[%emt 0:03:54]} 35. d5 {[%emt 0:00:27]} Rh6 {[%emt 0:00:30]} 36. Rc1 {[%emt 0:02:12]} Rc8 {[%emt 0:02:57]} 37. Rd1 {[%emt 0:00:06]} Qd7 {[%emt 0:00:56]} 38. d6 {[%emt 0:02:19]} Rc5 {[%emt 0:00:18]} 39. gxh4 {[%emt 0:03:41]} Rg6 {[%emt 0:00:45]} 40. Bg5 {[%emt 0:00:33]} Rcxg5 {[%emt 0:01:44]} 41. hxg5 {[%emt 0:00:09]} Rxg5 {[%emt 0:00:04]} 0-1

[Event "18th Delhi GM Open 2020"]
[Site "Delhi"]
[Date "2020.01.12"]
[Round "6.9"]
[White "Tukhaev, Adam"]
[Black "Karthikeyan, P.."]
[Result "1-0"]
[WhiteElo "2548"]
[BlackElo "2416"]
[Annotator "ChessBase"]
[PlyCount "59"]
[EventDate "2020.01.09"]
[EventType "swiss"]
[EventCountry "IND"]
[SourceTitle "playchess.com"]
[Source "ChessBase"]
[SourceQuality "1"]
[TimeControl "5400+30"]

1. e4 g6 2. d4 Bg7 3. Nc3 d6 4. Be3 a6 5. h4 h6 6. f4 Nf6 7. Be2 h5 8. Nh3 d5 9. e5 Ng4 10. Qd2 Bf5 11. Bf3 e6 12. Bf2 Nd7 13. Ne2 c5 14. c4 dxc4 15. d5 Ngxe5 16. fxe5 Nxe5 17. Nhf4 Nxf3+ 18. gxf3 e5 19. Nh3 b5 20. Nc3 Bd3 21. Bxc5 Rc8 22. Qe3 Qxh4+ 23. Nf2 Qg3 24. Ne2 Bxe2 25. Kxe2 Qf4 26. Ne4 Qxe3+ 27. Bxe3 O-O 28. Rad1 c3 29. bxc3 Rc4 30. d6 1-0

[Event "18th Delhi GM Open 2020"]
[Site "Delhi"]
[Date "2020.01.12"]
[Round "6.10"]
[White "Das, Sayantan"]
[Black "Gholami, Aryan"]
[Result "1/2-1/2"]
[WhiteElo "2424"]
[BlackElo "2541"]
[Annotator "ChessBase"]
[PlyCount "61"]
[EventDate "2020.01.09"]
[EventType "swiss"]
[EventCountry "IND"]
[SourceTitle "playchess.com"]
[Source "ChessBase"]
[SourceQuality "1"]
[TimeControl "5400+30"]

1. Nf3 {[%emt 0:00:30]} Nf6 {[%emt 0:00:09]} 2. c4 {[%emt 0:00:45]} b6 {[%emt 0:01:41]} 3. g3 {[%emt 0:00:14]} Bb7 {[%emt 0:00:16]} 4. Bg2 {[%emt 0:00:06]} e6 {[%emt 0:00:08]} 5. O-O {[%emt 0:00:43]} Be7 {[%emt 0:00:13]} 6. b3 {[%emt 0:01:10]} O-O {[%emt 0:01:29]} 7. Bb2 {[%emt 0:00:11]} d5 {[%emt 0:01:08]} 8. e3 {[%emt 0:00:39]} c5 {[%emt 0:01:07]} 9. Nc3 {[%emt 0:01:20]} Nc6 {[%emt 0:08:02]} 10. cxd5 {[%emt 0:04:00]} Nxd5 {[%emt 0:02:31]} 11. Nxd5 {[%emt 0:01:41]} Qxd5 {[%emt 0:00:39]} 12. d4 {[%emt 0:04:28]} Na5 {[%emt 0:14:12]} 13. dxc5 {[%emt 0:29:09]} Bxc5 {[%emt 0:06:04]} 14. Qxd5 {[%emt 0:07:45]} Bxd5 {[%emt 0:00:08]} 15. Ne5 {[%emt 0:03:48]} Rfd8 {[%emt 0:02:19]} 16. Rfd1 {[%emt 0:02:31]} Bxg2 {[%emt 0:00:20]} 17. Kxg2 {[%emt 0:00:04]} f6 {[%emt 0:00:50]} 18. Nd3 {[%emt 0:03:26]} Be7 {[%emt 0:00:21]} 19. Rac1 {[%emt 0:03:35]} Rac8 {[%emt 0:00:42]} 20. Rxc8 {[%emt 0:04:39]} Rxc8 {[%emt 0:00:07]} 21. Rd2 {[%emt 0:00:48]} Kf7 {[%emt 0:00:58]} 22. f4 {[%emt 0:01:06]} Rd8 {[%emt 0:02:47]} 23. Kf3 {[%emt 0:01:20]} Nc6 {[%emt 0:01:05]} 24. Ke2 {[%emt 0:00:48]} Rc8 {[%emt 0:02:50]} 25. Rd1 {[%emt 0:01:57]} Ke8 {[%emt 0:01:34]} 26. Rc1 {[%emt 0:00:53]} Kd7 {[%emt 0:00:09]} 27. Rd1 {[%emt 0:02:05]} Ke8 {[%emt 0:00:23]} 28. Rc1 {[%emt 0:00:17]} Kd7 {[%emt 0:00:06]} 29. Rd1 {[%emt 0:00:12]} Ke8 {[%emt 0:00:07]} 30. Rc1 {[%emt 0:00:08]} Kd7 {[%emt 0:00:04]} 31. Rd1 {[%emt 0:00:10]} 1/2-1/2

[Event "18th Delhi GM Open 2020"]
[Site "Delhi"]
[Date "2020.01.12"]
[Round "6.11"]
[White "Visakh N R"]
[Black "Sammed Jaykumar, Shete"]
[Result "1-0"]
[WhiteElo "2518"]
[BlackElo "2398"]
[Annotator "TA"]
[PlyCount "81"]
[EventDate "2020.01.09"]
[EventType "swiss"]
[EventCountry "IND"]
[SourceTitle "playchess.com"]
[Source "ChessBase"]
[SourceQuality "1"]

{[%evp 11,81,22,19,14,25,2,14,12,16,-19,-6,-5,0,0,10,0,34,15,23,19,16,10,34,31,19,8,23,0,22,16,55,67,64,77,85,88,97,40,114,92,136,104,98,96,91,96,97,90,88,73,73,73,143,143,131,45,178,166,196,156,312,158,139,0,0,0,215,195,226,223,632,624]} 1. d4 Nf6 2. c4 e6 3. Nf3 d5 4. Nc3 Be7 5. Bf4 O-O 6. e3 Nbd7 7. c5 $146 {D37: Queen's Gambit Declined: 5 Bf4} (7. Be2 dxc4 8. O-O a6 9. a4 b6 10. Bxc4 Bb7 11. Qe2 Nh5 12. Bg3 Nxg3 13. hxg3 Bb4 14. Rfd1 Nf6 15. Na2 Bd6 16. Nc3 Bb4 17. Na2 Bd6 18. Nc3 {½-½ (18) Grischuk,A (2777)-Nakamura,H (2736) Moscow 2019}) 7... Ne4 8. Qc2 f5 9. h3 {The position is equal.} c6 10. Bh2 b6 11. cxb6 Qxb6 12. Be2 Ba6 13. O-O Bxe2 14. Qxe2 Bf6 15. Rac1 Rfc8 16. g4 c5 (16... a5 {feels hotter.} 17. h4 Nxc3 18. bxc3 fxg4 19. Ng5 h5) 17. gxf5 Nxc3 18. Rxc3 exf5 19. dxc5 (19. Rfc1 {is more complex.} Qe6 20. b3 Re8 21. Qd1 Rac8 22. Qf1) 19... Rxc5 20. Rxc5 Qxc5 21. Rd1 Nb6 22. b3 Re8 23. Qd3 g6 24. Kg2 (24. a4 $16) 24... Qa3 (24... Qc6 $14) 25. Bc7 Kg7 26. Bxb6 axb6 27. Qxd5 Qxa2 28. Qb7+ Re7 29. Rd7 Qa3 30. Rxe7+ Qxe7 31. Qxb6 g5 {[#]} (31... Qe4 $142) 32. Qc6 $1 $16 h5 33. Nd2 (33. Qd5 $16) 33... g4 (33... Kf7 $1 $14) 34. Nc4 $18 Kg6 35. Qd5 h4 $2 (35... Qf7 $16 36. Qc6 Qe7) 36. Nd6 (36. hxg4 $18 fxg4 37. e4) 36... Be5 $16 {[#]} 37. Qg8+ (37. Nc8 $1 $16 {[%cal Rc8e7]} Qe8 38. Nd6) 37... Bg7 $11 38. Qd5 Qd7 $2 (38... Be5 $1 $11 {and Black stays safe.} 39. Nc4 Bc7) 39. hxg4 $18 fxg4 40. e4 g3 $2 (40... h3+ 41. Kg3 Ba1) 41. f4 {Accuracy: White = 55%, Black = 37%.} 1-0

[Event "18th Delhi GM Open 2020"]
[Site "Delhi"]
[Date "2020.01.12"]
[Round "6.12"]
[White "Stupak, Kirill"]
[Black "Muthaiah AL"]
[Result "1-0"]
[WhiteElo "2506"]
[BlackElo "2367"]
[Annotator "ChessBase"]
[PlyCount "127"]
[EventDate "2020.01.09"]
[EventType "swiss"]
[EventCountry "IND"]
[SourceTitle "playchess.com"]
[Source "ChessBase"]
[SourceQuality "1"]
[TimeControl "5400+30"]

1. d4 {[%emt 0:00:00]} d5 {[%emt 0:00:59]} 2. c4 {[%emt 0:00:00]} e6 {[%emt 0:01:05]} 3. Nf3 {[%emt 0:00:48]} Nf6 {[%emt 0:00:30]} 4. Nc3 {[%emt 0:00:04]} Nbd7 {[%emt 0:01:02]} 5. cxd5 {[%emt 0:04:08]} exd5 {[%emt 0:00:47]} 6. Bg5 {[%emt 0:00:03]} c6 {[%emt 0:00:37]} 7. e3 {[%emt 0:00:11]} Be7 {[%emt 0:01:59]} 8. Qc2 {[%emt 0:00:10]} O-O {[%emt 0:01:30]} 9. Bd3 {[%emt 0:00:17]} Re8 {[%emt 0:01:00]} 10. Bf4 {[%emt 0:01:23]} Nf8 {[%emt 0:02:30]} 11. h3 {[%emt 0:00:06]} Ne6 {[%emt 0:03:56]} 12. Be5 {[%emt 0:05:33]} g6 {[%emt 0:04:04]} 13. O-O {[%emt 0:09:26]} Ng7 {[%emt 0:03:30]} 14. Rab1 {[%emt 0:03:14]} a5 {[%emt 0:04:00]} 15. a3 {[%emt 0:01:45]} Bf5 {[%emt 0:01:30]} 16. b4 {[%emt 0:00:56]} axb4 {[%emt 0:04:01]} 17. axb4 {[%emt 0:00:02]} b5 {[%emt 0:02:59]} 18. Bxf5 {[%emt 0:15:18]} Nxf5 {[%emt 0:00:15]} 19. Ne2 {[%emt 0:00:14]} Qb6 {[%emt 0:16:20]} 20. Rfc1 {[%emt 0:06:35]} Rec8 {[%emt 0:03:50]} 21. Bxf6 {[%emt 0:08:28]} Bxf6 {[%emt 0:00:37]} 22. Ne5 {[%emt 0:00:39]} Nd6 {[%emt 0:02:28]} 23. Nd7 {[%emt 0:16:45]} Qd8 {[%emt 0:01:16]} 24. Nc5 {[%emt 0:00:01]} Nc4 {[%emt 0:04:15]} 25. Ra1 {[%emt 0:00:44]} Be7 {[%emt 0:08:23]} 26. Qd1 {[%emt 0:05:52]} Rc7 {[%emt 0:04:36]} 27. Nc3 {[%emt 0:10:46]} Rca7 {[%emt 0:02:00]} 28. Nd3 {[%emt 0:09:24]} Ra3 {[%emt 0:01:36]} 29. Rxa3 {[%emt 0:00:02]} Rxa3 {[%emt 0:00:10]} 30. Qc2 {[%emt 0:00:54]} Bd6 {[%emt 0:04:58]} 31. Nb1 {[%emt 0:00:53]} Ra6 {[%emt 0:02:43]} 32. Nc3 {[%emt 0:00:05]} f5 {[%emt 0:01:48]} 33. g3 {[%emt 0:00:28]} Qe7 {[%emt 0:00:23]} 34. Nc5 {[%emt 0:01:01]} Ra3 {[%emt 0:01:47]} 35. Nb1 {[%emt 0:00:36]} Ra1 {[%emt 0:03:40]} 36. Qc3 {[%emt 0:00:19]} Ra2 {[%emt 0:03:45]} 37. Rc2 {[%emt 0:00:01]} Qa7 {[%emt 0:00:17]} 38. Nd2 {[%emt 0:01:05]} Rxc2 {[%emt 0:01:09]} 39. Qxc2 {[%emt 0:00:01]} Qa3 {[%emt 0:00:39]} 40. Ndb3 {[%emt 0:01:10]} Qxb4 {[%emt 0:01:30]} 41. Qa2 {[%emt 0:00:30]} Bxc5 {[%emt 0:01:04]} 42. Nxc5 {[%emt 0:00:10]} Qa5 {[%emt 0:02:26]} 43. Qc2 {[%emt 0:00:37]} Qe1+ {[%emt 0:00:50]} 44. Kg2 {[%emt 0:00:21]} Kf7 {[%emt 0:00:52]} 45. Nd3 {[%emt 0:00:32]} Qa5 {[%emt 0:01:03]} 46. g4 {[%emt 0:00:00]} fxg4 {[%emt 0:00:23]} 47. hxg4 {[%emt 0:00:06]} Ke6 {[%emt 0:00:46]} 48. Qe2 {[%emt 0:01:39]} Qd2 {[%emt 0:00:34]} 49. Nc5+ {[%emt 0:00:07]} Ke7 {[%emt 0:01:15]} 50. Qf3 {[%emt 0:00:01]} Qa2 {[%emt 0:00:31]} 51. g5 {[%emt 0:00:24]} Ke8 {[%emt 0:00:48]} 52. Qh3 {[%emt 0:01:12]} Qa7 {[%emt 0:00:28]} 53. Qc8+ {[%emt 0:00:37]} Kf7 {[%emt 0:00:22]} 54. Qe6+ {[%emt 0:00:14]} Kg7 {[%emt 0:00:24]} 55. Nd7 {[%emt 0:00:59]} Qa3 {[%emt 0:00:10]} 56. Nc5 {[%emt 0:00:29]} Qa7 {[%emt 0:00:59]} 57. Qf6+ {[%emt 0:00:09]} Kg8 {[%emt 0:00:09]} 58. Ne6 {[%emt 0:00:09]} h5 {[%emt 0:00:51]} 59. Qxg6+ {[%emt 0:00:56]} Kh8 {[%emt 0:00:01]} 60. Qe8+ {[%emt 0:00:21]} Kh7 {[%emt 0:00:09]} 61. Qxh5+ {[%emt 0:00:38]} Kg8 {[%emt 0:00:01]} 62. Qe8+ {[%emt 0:00:14]} Kh7 {[%emt 0:00:03]} 63. g6+ {[%emt 0:00:13]} Kh6 {[%emt 0:00:06]} 64. g7 {[%emt 0:00:24]} 1-0

[Event "18th Delhi GM Open 2020"]
[Site "Delhi"]
[Date "2020.01.12"]
[Round "6.13"]
[White "Gusain, Himal"]
[Black "Vasquez Schroeder, Rodrigo"]
[Result "1-0"]
[WhiteElo "2401"]
[BlackElo "2487"]
[Annotator "ChessBase"]
[PlyCount "77"]
[EventDate "2020.01.09"]
[EventType "swiss"]
[EventCountry "IND"]
[SourceTitle "playchess.com"]
[Source "ChessBase"]
[SourceQuality "1"]
[TimeControl "5400+30"]

1. e4 {[%emt 0:00:00]} e5 {[%emt 0:00:00]} 2. Nf3 {[%emt 0:00:00]} Nc6 {[%emt 0:00:05]} 3. d4 {[%emt 0:00:03]} exd4 {[%emt 0:00:16]} 4. Nxd4 {[%emt 0:00:09]} Bc5 {[%emt 0:01:06]} 5. Nb3 {[%emt 0:00:35]} Bb6 {[%emt 0:00:56]} 6. Nc3 {[%emt 0:00:19]} Nf6 {[%emt 0:02:02]} 7. Bg5 {[%emt 0:00:18]} h6 {[%emt 0:03:44]} 8. Bh4 {[%emt 0:00:15]} d6 {[%emt 0:06:10]} 9. Qe2 {[%emt 0:00:28]} g5 {[%emt 0:06:40]} 10. Bg3 {[%emt 0:00:23]} Qe7 {[%emt 0:00:18]} 11. h4 {[%emt 0:07:10]} Rg8 {[%emt 0:01:44]} 12. O-O-O {[%emt 0:09:30]} Bd7 {[%emt 0:02:08]} 13. hxg5 {[%emt 0:08:22]} hxg5 {[%emt 0:00:06]} 14. Qd2 {[%emt 0:11:42]} O-O-O {[%emt 0:01:23]} 15. Re1 {[%emt 0:00:30]} Rde8 {[%emt 0:04:35]} 16. f3 {[%emt 0:07:04]} Qf8 {[%emt 0:02:36]} 17. Na4 {[%emt 0:01:51]} Qg7 {[%emt 0:03:51]} 18. Nxb6+ {[%emt 0:02:45]} axb6 {[%emt 0:00:06]} 19. a4 {[%emt 0:10:41]} g4 {[%emt 0:10:52]} 20. Bf4 {[%emt 0:01:53]} gxf3 {[%emt 0:02:32]} 21. gxf3 {[%emt 0:00:07]} Ne5 {[%emt 0:01:11]} 22. Nd4 {[%emt 0:00:41]} Rh8 {[%emt 0:03:17]} 23. Rxh8 {[%emt 0:03:42]} Qxh8 {[%emt 0:04:57]} 24. a5 {[%emt 0:00:49]} bxa5 {[%emt 0:10:39]} 25. Qxa5 {[%emt 0:00:12]} Kb8 {[%emt 0:00:37]} 26. Nb5 {[%emt 0:08:44]} Bxb5 {[%emt 0:00:40]} 27. Bxb5 {[%emt 0:00:06]} b6 {[%emt 0:06:14]} 28. Qc3 {[%emt 0:03:03]} Qh4 {[%emt 0:04:31]} 29. Bd2 {[%emt 0:00:42]} c6 {[%emt 0:02:13]} 30. Be2 {[%emt 0:02:56]} Kb7 {[%emt 0:00:22]} 31. Kb1 {[%emt 0:02:14]} Ra8 {[%emt 0:01:46]} 32. Qd4 {[%emt 0:03:13]} Kc7 {[%emt 0:00:20]} 33. Rd1 {[%emt 0:04:20]} c5 {[%emt 0:01:42]} 34. Qxd6+ {[%emt 0:01:08]} Kxd6 {[%emt 0:00:04]} 35. Bg5+ {[%emt 0:00:09]} Ke6 {[%emt 0:01:40]} 36. Bxh4 {[%emt 0:00:07]} Nh5 {[%emt 0:01:51]} 37. Bd8 {[%emt 0:05:22]} Ng3 {[%emt 0:02:12]} 38. f4 {[%emt 0:02:25]} Ra4 {[%emt 0:02:55]} 39. f5+ {[%emt 0:00:33] Kd5} 1-0

[Event "18th Delhi GM Open 2020"]
[Site "Delhi"]
[Date "2020.01.12"]
[Round "6.14"]
[White "Czebe, Attila"]
[Black "Kaczur, Florian"]
[Result "0-1"]
[WhiteElo "2392"]
[BlackElo "2485"]
[Annotator "ChessBase"]
[PlyCount "131"]
[EventDate "2020.01.09"]
[EventType "swiss"]
[EventCountry "IND"]
[SourceTitle "playchess.com"]
[Source "ChessBase"]
[SourceQuality "1"]
[TimeControl "5400+30"]

1. Nf3 {[%emt 0:00:00]} d5 {[%emt 0:00:00]} 2. g3 {[%emt 0:02:11]} Nf6 {[%emt 0:00:51]} 3. Bg2 {[%emt 0:00:05]} c6 {[%emt 0:00:23]} 4. O-O {[%emt 0:00:12]} Bg4 {[%emt 0:00:26]} 5. d3 {[%emt 0:00:23]} Nbd7 {[%emt 0:02:00]} 6. Qe1 {[%emt 0:02:09]} e5 {[%emt 0:00:38]} 7. e4 {[%emt 0:00:24]} dxe4 {[%emt 0:00:12]} 8. dxe4 {[%emt 0:00:10]} Qc7 {[%emt 0:00:17]} 9. Nh4 {[%emt 0:03:24]} Bc5 {[%emt 0:02:44]} 10. b4 {[%emt 0:05:40]} Bd4 {[%emt 0:04:59]} 11. c3 {[%emt 0:00:10]} Bb6 {[%emt 0:00:05]} 12. Na3 {[%emt 0:03:06]} Be6 {[%emt 0:08:06]} 13. Nf5 {[%emt 0:06:37]} O-O {[%emt 0:02:40]} 14. Qe2 {[%emt 0:00:52]} a5 {[%emt 0:06:47]} 15. Nc4 {[%emt 0:10:14]} Bxf5 {[%emt 0:02:13]} 16. exf5 {[%emt 0:00:12]} Nd5 {[%emt 0:04:04]} 17. Nxb6 {[%emt 0:00:55]} Qxb6 {[%emt 0:04:10]} 18. Bd2 {[%emt 0:06:16]} axb4 {[%emt 0:00:52]} 19. cxb4 {[%emt 0:00:05]} Rfe8 {[%emt 0:05:20]} 20. Qc4 {[%emt 0:02:01]} N7f6 {[%emt 0:00:53]} 21. a4 {[%emt 0:00:28]} Qd4 {[%emt 0:11:02]} 22. Qxd4 {[%emt 0:00:23]} exd4 {[%emt 0:00:02]} 23. b5 {[%emt 0:17:11]} cxb5 {[%emt 0:06:54]} 24. axb5 {[%emt 0:00:13]} h6 {[%emt 0:00:43]} 25. g4 {[%emt 0:04:23]} Rad8 26. Rfd1 {[%emt 0:00:03]} b6 {[%emt 0:17:16]} 27. g5 {[%emt 0:00:26]} hxg5 {[%emt 0:02:25]} 28. Bxg5 {[%emt 0:00:24]} Nc3 {[%emt 0:00:56]} 29. Rd3 {[%emt 0:00:37]} Re5 {[%emt 0:01:06]} 30. Bf1 {[%emt 0:06:38]} Rxf5 {[%emt 0:01:07]} 31. Bh4 {[%emt 0:02:57]} g5 {[%emt 0:06:58]} 32. Bg3 {[%emt 0:00:03]} Nxb5 {[%emt 0:00:31]} 33. Ra6 {[%emt 0:05:46]} Ne4 {[%emt 0:02:36]} 34. Rxb6 {[%emt 0:00:21]} Nbc3 {[%emt 0:00:36]} 35. Rb4 {[%emt 0:06:50]} Nxg3 {[%emt 0:01:29]} 36. hxg3 Rfd5 {[%emt 0:00:10]} 37. Rc4 {[%emt 0:05:30]} Kg7 {[%emt 0:00:30]} 38. Bg2 {[%emt 0:00:31]} R5d6 {[%emt 0:00:05]} 39. Rc5 {[%emt 0:01:07]} Kg6 {[%emt 0:00:06]} 40. Bf3 {[%emt 0:02:33]} f5 {[%emt 0:01:57]} 41. g4 {[%emt 0:00:06]} fxg4 {[%emt 0:00:14]} 42. Bxg4 {[%emt 0:00:05]} Rd5 {[%emt 0:00:19]} 43. Rc4 {[%emt 0:00:46]} Ne4 {[%emt 0:02:14]} 44. Bf3 {[%emt 0:00:45]} Kf5 {[%emt 0:00:06]} 45. Kg2 {[%emt 0:05:04]} R5d6 {[%emt 0:00:32]} 46. Bxe4+ {[%emt 0:00:16]} Kxe4 {[%emt 0:00:06]} 47. Rg3 {[%emt 0:00:04]} Rd5 {[%emt 0:03:54]} 48. Ra4 {[%emt 0:00:01]} R8d6 {[%emt 0:00:27]} 49. Re3+ {[%emt 0:00:48]} Kf5 {[%emt 0:00:05]} 50. Rd3 {[%emt 0:00:07]} Ke5 {[%emt 0:01:14]} 51. Kf3 {[%emt 0:03:42]} Rc6 {[%emt 0:00:32]} 52. Ke2 {[%emt 0:01:17]} Rc2+ {[%emt 0:00:09]} 53. Kf3 {[%emt 0:01:13]} g4+ {[%emt 0:01:09]} 54. Kxg4 {[%emt 0:00:37]} Rxf2 {[%emt 0:00:07]} 55. Kg3 {[%emt 0:00:09]} Rf7 {[%emt 0:00:10]} 56. Rf3 {[%emt 0:00:53]} Rdd7 {[%emt 0:01:17]} 57. Kf2 {[%emt 0:00:35]} Rh7 {[%emt 0:00:56]} 58. Ke2 {[%emt 0:00:05]} d3+ {[%emt 0:00:39]} 59. Kd2 {[%emt 0:00:52]} Rh2+ {[%emt 0:00:06]} 60. Kd1 {[%emt 0:00:08]} Rh1+ {[%emt 0:00:29]} 61. Kd2 {[%emt 0:00:01]} Rh2+ {[%emt 0:00:04]} 62. Kd1 {[%emt 0:00:02]} Rb7 {[%emt 0:00:35]} 63. Re3+ {[%emt 0:00:17]} Kf5 {[%emt 0:00:05]} 64. Rf3+ {[%emt 0:00:42]} Kg5 {[%emt 0:00:05]} 65. Re3 {[%emt 0:01:30]} Kf5 {[%emt 0:00:30]} 66. Ra1 {Ke5} 0-1

[Event "18th Delhi GM Open 2020"]
[Site "Delhi"]
[Date "2020.01.12"]
[Round "6.15"]
[White "Nigmatov, Ortik"]
[Black "Manish Anto Cristiano F"]
[Result "1-0"]
[WhiteElo "2467"]
[BlackElo "2280"]
[Annotator "TA"]
[PlyCount "106"]
[EventDate "2020.01.09"]
[EventType "swiss"]
[EventCountry "IND"]
[SourceTitle "playchess.com"]
[Source "ChessBase"]
[SourceQuality "1"]

{[%evp 9,106,4,9,-11,42,33,36,38,37,24,40,38,41,44,58,27,26,33,74,77,84,71,93,62,62,68,64,67,71,74,109,37,91,64,112,115,118,114,117,103,120,104,139,137,141,98,104,103,100,91,98,98,93,93,90,98,99,39,72,70,75,66,116,90,99,99,261,106,123,122,122,115,115,111,135,121,183,175,202,105,222,216,557,522,469,468,359,254,6457,6432,2619,2352,1164,905,29971,29972,29975,29955,29974]} 1. e4 c5 2. Nc3 d6 3. d4 cxd4 4. Qxd4 Nc6 5. Qd2 Nf6 $146 (5... g6 6. b3 Bh6 7. f4 f5 8. Bb2 Nf6 9. O-O-O Rf8 10. exf5 Bxf5 11. Bb5 {½-½ (27) So,W (2767)-Volokitin,A (2627) Douglas 2019}) 6. b3 {B23: Closed Sicilian: Lines without g3} g6 ({Better is} 6... e6 $11) 7. Bb2 $14 Bg7 8. O-O-O {White is slightly better.} O-O 9. f3 Be6 10. Nge2 Rc8 11. Nf4 Bd7 12. g4 Qa5 13. Kb1 Rfd8 14. h4 h5 15. g5 Ne8 16. Ncd5 Qxd2 17. Rxd2 Bxb2 18. Kxb2 Kf8 19. Be2 $36 {[%mdl 2048] White is in control.} Nc7 20. Ne3 ({White should play} 20. Nxc7 $16 {And now Ncd5 would win.} Rxc7 21. Nd5) 20... Ne6 (20... e5 $14 21. Nfd5 Nxd5 22. Nxd5 Nd4) 21. Nxe6+ (21. Nfd5 {keeps more tension.} Nc5 22. Rf1 Nb8 23. Nc3 Bc6 24. Ned5) 21... Bxe6 22. f4 Bd7 23. Rf1 Kg7 24. Rfd1 Be8 25. a3 f6 26. gxf6+ Kxf6 27. Rg1 e6 28. Rgd1 Ke7 29. Nc4 {[%cal Rc4d6]} d5 30. exd5 exd5 31. Rxd5 {Strongly threatening Nd6.} Rxd5 32. Rxd5 Bf7 33. Rd1 (33. Rb5 $16 Rc7 34. c3) 33... Rf8 34. Ne3 Be6 35. Rf1 $1 Bh3 36. Rf2 Kd6 37. Bd3 Rf6 $2 (37... Ne7 $16 {keeps fighting.}) 38. c4 (38. Rd2 $1 $18 {is the precise move to win.} Nd4 39. Bxg6 $1 {[%mdl 512]} (39. Be4 Rxf4 40. Bxg6 Ke5 $16) 39... Rxg6 40. Rxd4+ Ke7 41. Rd5) 38... Be6 39. Kc3 b6 40. Be4 Ne7 41. Kd4 a5 42. b4 axb4 (42... Rf8 $16 43. bxa5 bxa5) 43. axb4 $18 {aiming for c5+.} Bd7 {[#]} 44. Bd5 (44. Nd5 $1 $18 {[%cal Rd5f6]} Nxd5 45. cxd5 (45. Bxd5 Bg4 $16)) 44... Nf5+ (44... Rf8 $16 45. Be4 Be6) 45. Nxf5+ Bxf5 $2 {[%mdl 4096] Endgame KRB-KRB} (45... Rxf5 {is tougher.} 46. Ke3 Rf6) 46. c5+ bxc5+ 47. bxc5+ Kc7 48. Ra2 Bh3 $2 (48... Bd7 49. Ra7+ Kd8) 49. Ra7+ Kd8 50. Rf7 Ra6 51. c6 {[%cal Bc5c6,Bc6c7][%mdl 32]} Ke8 52. Rg7 Bf5 53. c7 Ra1 {Accuracy: White = 50%, Black = 40%.} 1-0